000
00301nam a2200121Ia 4500
005
20251222154352.0
008
251222s9999||||xx |||||||||||||| ||spa||
020
_a
84-7166-487-9
082
_a
930/L15
100
_a
"Lafforgue, Gilbert"
245
0
_a
Historia del mundo: Oriente y Grecia
942
_c
LIB
999
_c
34933
_d
34933